| 000 | 02630cam a22006374i 4500 | ||
|---|---|---|---|
| 003 | PE-LiUPU | ||
| 005 | 20250731170500.0 | ||
| 008 | 150616s1995 mx a r 000 0 spa d | ||
| 020 | _a9684441665 | ||
| 035 | _a(Sirsi) i9789684441668 | ||
| 040 |
_aPE-LiUPU _bspa _cPE-LiUPU _erda |
||
| 049 | _aPRUA | ||
| 082 | 0 | 4 |
_a107.733 _bA751995 _221 |
| 100 | 1 |
_aArnau, H., _eautor. |
|
| 245 | 1 | 0 |
_aTemas y Textos de Filosofía / _cH. Arnau [y otros]. |
| 264 | 1 |
_aMéxico : _bAlhambra Mexicana, S.A., _c1995. |
|
| 300 |
_a395 páginas : _bilustraciones ; _c23 centímetros |
||
| 336 |
_atext _2rdacontent |
||
| 337 |
_aunmediated _2rdamedia |
||
| 338 |
_avolume _2rdacarrier |
||
| 505 | 0 | _aEl problema de la naturaleza en el pensamiento griego -- El hombre y la sociedad en el pensamiento griego -- Cristianismo y filosofía -- Tomás de Aquino y el apogeo de la escolástica -- Guillermo de Ockhamy la crisis de la escolástica -- El renacimiento -- La revolución científica de los siglos XVI y XVII -- El racionalismo -- El empirismo -- La ilustración -- El idealismo trascendental de Kant -- Hegel y la dialéctica idealista -- Etc... | |
| 526 | _aSEG68 | ||
| 526 | _aSEG70 | ||
| 526 | _aSEG69 | ||
| 526 | _aSEG67 | ||
| 526 | _aSEG43 | ||
| 526 | _aP144 | ||
| 526 | _aP143 | ||
| 526 | _aP131 | ||
| 526 | _aP122 | ||
| 526 | _aP120 | ||
| 526 | _aP117 | ||
| 526 | _aP112 | ||
| 526 | _aP110 | ||
| 526 | _aP106 | ||
| 526 | _aP101 | ||
| 526 | _aP80 | ||
| 526 | _aP59 | ||
| 526 | _aP54 | ||
| 526 | _aP35 | ||
| 526 | _aP33 | ||
| 526 | _aP30 | ||
| 650 | 0 | 4 |
_aFilosofía _xEstudio y enseñanza (Superior). |
| 650 | 0 | 4 |
_aFilosofía _xHistoria. |
| 700 | 1 |
_aBria, L., _eeditor. |
|
| 910 |
_ajck _bjvq _cjck |
||
| 942 |
_2ddc _cBOOK |
||
| 949 |
_a107.733 A75 1995 _wDEWEY _c1 _i43138 _d2016-6-2 _e2016-5-24 _lCCODEBUL1 _mBUL _n1 _r0 _sY _tBOOK _u2015-6-16 _xTEOLOGIA _zUNKNOWN _0COMPRA _o.STAFF. Colección General |
||
| 949 |
_a107.733 A75 1995 _wDEWEY _c2 _i37398 _lCCODEBUL1 _mBUL _r0 _sY _tBOOK _u2015-4-23 _xTEOLOGIA _zUNKNOWN _0COMPRA _o.STAFF. Colección General |
||
| 994 |
_aC0 _bPEPRU |
||
| 596 | _a1 | ||
| 999 |
_a107.733 A75 1995 _wDEWEY _c61095 _i43138 _d61095 _e2017-6-28 _f2021-11-4 _g5 _lCCODEBUL1 _mBUL _n4 _p10.00 _q2 _r0 _sY _tBOOK _u2015-6-16 _xBIBLIOTECA _PP35 _0COMPRA _o.STAFF. Colección Teología |
||
| 999 |
_a107.733 A75 1995 _wDEWEY _c2 _i37398 _d2017-6-30 _e2017-6-28 _f2021-11-4 _g5 _lCCODEBUL1 _mBUL _n6 _p15.00 _r0 _sY _tBOOK _u2015-4-23 _xBIBLIOTECA _PP35 _0COMPRA _o.STAFF. Colección Teología |
||
| 980 |
_81 _gALBERTO SANCHEZ Responsable de Automatización |
||